<?xml version="1.0" encoding="UTF-8"?>
<marc:record xmlns:marc="http://www.loc.gov/MARC21/slim">
   <marc:leader>00000nam a2200000 a 4500</marc:leader>
   <marc:datafield ind1="0" ind2="0" tag="245">
      <marc:subfield code="a">Festivale</marc:subfield>
   </marc:datafield>
   <marc:datafield ind1=" " ind2="1" tag="264">
      <marc:subfield code="c">1695</marc:subfield>
   </marc:datafield>
   <marc:datafield ind1=" " ind2=" " tag="250">
      <marc:subfield code="a">[Bindeeinheit]</marc:subfield>
   </marc:datafield>
   <marc:datafield ind1="1" ind2=" " tag="520">
      <marc:subfield code="a">Vermerk am Vortitelbl. des 1. Werkes: Wolffgang Röbing, Vermerk am Titelbl. des 1. Werkes: Loci Capuc. Wolfsperga; Druckermarke am Titelbl. http://zentralbibliothek.kapuziner.at/kupferstiche/provinzbibliothek/provinzbibliothek_3131.jpg, Verzierungen und Zierholzschnitt im Text; Pergamenteinband auf Buchdeckeln aus Pappe, Pergament mit lateinischer Handschrift in rot und schwarz berschrieben (Heiligenkalender) http://zentralbibliothek.kapuziner.at/kupferstiche/provinzbibliothek/provinzbibliothek_3129.jpg, http://zentralbibliothek.kapuziner.at/kupferstiche/provinzbibliothek/provinzbibliothek_3130.jpg, Buchrücken mit Aufschrift "P. Heriberti || Dominicale || et Festivale || Pars 2" und Signatur "G 72", türkise Schnittkante.</marc:subfield>
   </marc:datafield>
   <marc:datafield ind1=" " ind2=" " tag="041">
      <marc:subfield code="a">ger</marc:subfield>
   </marc:datafield>
   <marc:datafield ind1=" " ind2=" " tag="500">
      <marc:subfield code="a">Titelbl. in Rot- und Schwarzdr.</marc:subfield>
   </marc:datafield>
   <marc:datafield ind1="0" ind2=" " tag="490">
      <marc:subfield code="v">2,[2].</marc:subfield>
   </marc:datafield>
   <marc:datafield ind1=" " ind2=" " tag="300">
      <marc:subfield code="a">[4] Bl., 401, [1] S., [7] Bl.</marc:subfield>
   </marc:datafield>
</marc:record>
